| 000 | 00981cam a2200301 a 4500 | ||
|---|---|---|---|
| 005 | 20260322212034.0 | ||
| 008 | data | ||
| 010 | _a 2008276295 | ||
| 020 | _a9780756637699 (hardcover) | ||
| 020 | _a0756637694 | ||
| 040 |
_aDLC _cDLC |
||
| 043 | _ae------ | ||
| 050 | 0 | 0 |
_aUG428 _b.G734 2008 |
| 092 | _a725 G734 2008 | ||
| 100 | 1 |
_aGravett, Christopher, _d1951- |
|
| 245 | 1 | 0 |
_aCastle / _cChristopher Gravett. |
| 260 |
_aNew York : _bDK Pub., _c2008. |
||
| 300 |
_a72 p. : _bcol. ill. ; _c29 cm. + _e1 CD-ROM (4 3/4 in.) |
||
| 490 | 0 | _aDK eyewitness books | |
| 500 | _aPreviously published: 2004. | ||
| 500 | _aIncludes index. | ||
| 650 | 0 |
_aFortification _zEurope _xHistory _vJuvenile literature. |
|
| 650 | 0 |
_aCastles _zEurope _xHistory _vJuvenile literature. |
|
| 906 |
_a7 _bcbc _corigcop _d2 _encip _f20 _gy-gencatlg |
||
| 925 | 0 |
_aacquire _b1 shelf copy _xpolicy default |
|
| 955 | _ehh04 2008-11-25 to Dewey | ||
| 001 | data | ||
| 999 |
_c798 _d798 |
||